Mogyi Crasssh! Consumer Analysis

Bibliográfiai részletek
Szerző: Tóth Roland
További közreműködők: Tick Dr. Andrea
Dokumentumtípus: Diplomadolgozat
Kulcsszavak:Fogyasztási szokások
FMCG
Eladáselemzés
Online Access:http://dolgozattar.uni-bge.hu/1696

MARC

LEADER 00000nta a2200000 i 4500
001 dolg1696
005 20150806132800.0
008 150305suuuu hu om 000 eng d
040 |a BGE Dolgozattár Repozitórium  |b hun 
041 |a en 
100 1 |a Tóth Roland 
245 1 0 |a Mogyi Crasssh! Consumer Analysis  |c Tóth Roland  |h [elektronikus dokumentum] 
695 |a Fogyasztási szokások 
695 |a FMCG 
695 |a Eladáselemzés 
700 1 |a Tick Dr. Andrea  |e ths 
856 4 0 |u http://dolgozattar.uni-bge.hu/1696/1/BBS-CIMB-Graduation%20Thesis-KLIPFA-Roland%20T%C3%B3th-Final.pdf  |z Dokumentum-elérés 
856 4 0 |u http://dolgozattar.uni-bge.hu/1696/2/Roland%20T%C3%B3th%20%E2%80%93%20EXTRA%201.sav  |z Dokumentum-elérés 
856 4 0 |u http://dolgozattar.uni-bge.hu/1696/3/Roland%20T%C3%B3th%20%E2%80%93%20EXTRA%202.spv  |z Dokumentum-elérés